Zásilkový obchod a ochrana spotřebitele v roce 2007
Implementácia Smernice č. 2005/29 o nekalých obchodných praktikách voči spotrebiteľom do českej legislatívy. Klamlivosť reklamy posudzovaná podľa "priemerného spotrebiteľa". Čo bude zakázané. Čo sa posudzuje ako klamlivé tvrdenie. Agresívne obchodné praktiky. Čoho sa Smernica netýka.
Gespeichert in:
| 1. Verfasser: | |
|---|---|
| Format: | Buchkapitel |
| Sprache: | Tschechisch |
| Schlagworte: | |
| Tags: |
Keine Tags, Fügen Sie das erste Tag hinzu!
|
MARC
| LEADER | 00000naa$a2200000$$$4500 | ||
|---|---|---|---|
| 001 | 0050398 | ||
| 005 | 20231016105220.7 | ||
| 041 | 0 | |a cze | |
| 044 | |a CZ | ||
| 245 | 1 | 0 | |a Zásilkový obchod a ochrana spotřebitele v roce 2007 |c Petr Kůta |
| 520 | |a Implementácia Smernice č. 2005/29 o nekalých obchodných praktikách voči spotrebiteľom do českej legislatívy. Klamlivosť reklamy posudzovaná podľa "priemerného spotrebiteľa". Čo bude zakázané. Čo sa posudzuje ako klamlivé tvrdenie. Agresívne obchodné praktiky. Čoho sa Smernica netýka. | ||
| 610 | 2 | 0 | |a ochrana spotrebiteľa |
| 610 | 2 | 0 | |a legislatíva |
| 610 | 2 | 0 | |a smernice |
| 610 | 2 | 0 | |a právo obchodné |
| 610 | 2 | 0 | |a obchod zásielkový |
| 610 | 2 | 0 | |a reklama klamlivá |
| 610 | 2 | 0 | |a Česko |
| 610 | 2 | 0 | |a Európska únia |
| 100 | 1 | |a Kůta, Petr | |